00259nam a22000977a 4500020001500000082001000015100002100025245006600046260004000112300000900152 a0684858401 a158.1 aStephen R. Covey aFirst things first to live,to love,to learn to leave a legacy aAustraliabSimon and Schusterc1994 a360p